| 000 | 01888nam a2200265 a 4500 | ||
|---|---|---|---|
| 001 | ASIN8415391293 | ||
| 003 | OSt | ||
| 005 | 20180116192417.0 | ||
| 008 | 130725s2013 xxu eng d | ||
| 020 |
_a8415391293 (paperback) _c$34.95 |
||
| 020 | _a9788415391296 (paperback) | ||
| 040 | _c00 | ||
| 082 | _a711 | ||
| 245 | 0 | 0 |
_aCity sense : _bshaping our environment with real-time data / _cLucas Capelli. |
| 260 |
_aNew York : _bActar, _c2013. |
||
| 300 |
_a368 p. : _c17 cm. |
||
| 490 | 1 | _aAdvanced architecture contest. | |
| 520 | _aThis publication compiles the winning and the finalist entries of the City Sense competition, organized by the Institute of Advanced Architecture. The competition was open to architects, engineers, planners, designers and artists who wanted to contribute to progress in making the world more habitable by developing proposals capable of responding to emerging challenges in areas such as ecology, information technology, architecture, and urban planning, with the purpose of balancing the possible impact of real-time data collection on sensor-driven cities. The competition jury, which was composed of architects, experts from a wide range of fields and directors of some of the world s foremost architecture schools, were looking for outstanding proposals of any scale, for any city in the world. The book presents a selection of the best projects on Smart Cities, Eco Neighbourhoods, Self-Sufficient Buildings, Intelligent Homes and other proposals which examine the phenomena of sensor-driven cities and intelligent behaviouralsystems. | ||
| 650 | 1 | 0 |
_aCivic art _96738 |
| 700 | 1 |
_aCapelli, Lucas. _96739 |
|
| 830 | 0 |
_aAdvanced architecture contest. _96740 |
|
| 856 | 4 | 0 |
_3Amazon.com _uhttp://www.amazon.com/exec/obidos/ASIN/8415391293/chopaconline-20 |
| 942 |
_2ddc _cBK |
||
| 999 |
_c353747 _d353747 |
||